Normal view
MARC view
Entry Topical Term
001 - CONTROL NUMBER
- control field: 25274
003 - CONTROL NUMBER IDENTIFIER
- control field: ARRUPE
005 - DATE AND TIME OF LATEST TRANSACTION
- control field: 20160823104553.0
008 - FIXED-LENGTH DATA ELEMENTS
- fixed length control field: 160823|| aca||aabn | a|a d
040 ## - CATALOGING SOURCE
- Original cataloging agency: ARRUPE
- Transcribing agency: ARRUPE
150 ## - HEADING--TOPICAL TERM
- Topical term or geographic name as entry element: Christianity and other religions
- General subdivision: Islam.
670 ## - SOURCE DATA FOUND
- Source citation: Work cat.: (ARRUPE)0: Holden, Andrew, 1964- 25271, Religious cohesion in times of conflict :, c2009.